[Event "ESP-chT CECLUB Div2"]
[Site "Linares"]
[Date "2020.08.27"]
[Round "5.2"]
[White "Jimenez Martinez, Jose Vicente"]
[Black "Pulido Esteban, Francisco Daniel"]
[Result "1-0"]
[WhiteElo "2228"]
[BlackElo "2188"]
[PlyCount "111"]
[EventDate "2020.08.24"]
[EventType "team-tourn"]
[EventRounds "6"]
[EventCountry "ESP"]
[SourceTitle "CBM 198 Extra"]
[Source "ChessBase"]
[SourceDate "2020.11.30"]
[SourceVersion "1"]
[SourceVersionDate "2020.11.30"]
[SourceQuality "1"]
[WhiteTeam "Albacete Excalibur"]
[BlackTeam "Nazari"]
[WhiteTeamCountry "ESP"]
[BlackTeamCountry "ESP"]

1. d4 Nf6 2. c4 d6 3. Nc3 e5 4. d5 g6 5. e4 Bg7 6. f3 Nh5 7. Be3 0-0 8. Qd2 f5 9. exf5 gxf5 10. 0-0-0 f4 11. Bf2 Nd7 12. Bd3 Nc5 13. Bxc5 dxc5 14. Ne4 b6 15. g4 Nf6 16. h4 Nxe4 17. Bxe4 Bd7 18. Nh3 Qf6 19. Qd3 h6 20. g5 Qd6 21. gxh6 Bxh6 22. Rdg1+ Kh8 23. Rg6 Rf6 24. Ng5 Be8 25. Rxf6 Qxf6 26. d6 Rd8 27. Bd5 Bg6 28. dxc7 Rc8 29. Be4 Bxe4 30. Nxe4 Qe7 31. Nd6 Rxc7 32. Nf5 Rd7 33. Qe4 Qf6 34. Nxh6 Qxh6 35. Qxe5+ Qg7 36. Qh5+ Kg8 37. Qe8+ Kh7 38. Qh5+ Kg8 39. Re1 Rd8 40. Re8+ Rxe8 41. Qxe8+ Kh7 42. Qe4+ Kh8 43. Qxf4 Qg1+ 44. Kc2 Qf1 45. Qb8+ Kh7 46. Qxa7+ Kg8 47. Qb8+ Kh7 48. Qc7+ Kh8 49. Qd8+ Kg7 50. Qe7+ Kh8 51. Qe4 Qf2+ 52. Kb3 Qd2 53. a3 Qd1+ 54. Ka2 Qf1 55. h5 b5 56. Qe8+ 1-0

[Event "Andalucia-chT Honor Oriental"]
[Site "Andalucia"]
[Date "2018.09.30"]
[Round "1.40"]
[White "Pulido Esteban, Francisco Daniel"]
[Black "Motos Abellan, Daniel"]
[Result "1/2-1/2"]
[WhiteElo "2179"]
[BlackElo "2078"]
[PlyCount "115"]
[EventDate "2018.09.30"]
[EventType "team-tourn"]
[EventRounds "7"]
[EventCountry "ESP"]
[SourceTitle "EXT 2020"]
[Source "ChessBase"]
[SourceDate "2019.10.17"]
[SourceVersion "1"]
[SourceVersionDate "2019.10.17"]
[SourceQuality "1"]
[WhiteTeam "Nazari"]
[BlackTeam "Caja Granada"]
[WhiteTeamCountry "ESP"]
[BlackTeamCountry "ESP"]

1. e4 e6 2. d4 b6 3. Nf3 Bb7 4. Bd3 Nf6 5. Qe2 Be7 6. 0-0 d5 7. exd5 Qxd5 8. Nc3 Qh5 9. Nb5 0-0 10. Ne5 Qxe2 11. Bxe2 Rc8 12. c4 a6 13. Nc3 Rd8 14. Rd1 Nbd7 15. Be3 Nxe5 16. dxe5 Ne4 17. Bf3 Nxc3 18. Rxd8+ Rxd8 19. Bxb7 Nd1 20. Bxa6 Nxe3 21. fxe3 Rd2 22. b3 Bc5 23. Re1 Rxa2 24. Bb5 Rd2 25. Ba4 Bb4 26. Rf1 Kf8 27. Rf2 Rd1+ 28. Rf1 Rd3 29. Kf2 Bc3 30. Kf3 Rd2 31. Rf2 Rxf2+ 32. Kxf2 Bxe5 33. g3 Ke7 34. Ke2 Kd6 35. Kd3 g5 36. Be8 Ke7 37. Bb5 h5 38. Ke4 Bd6 39. Kf3 f5 40. h3 e5 41. g4 fxg4+ 42. hxg4 h4 43. Bc6 Bc5 44. Ke2 Kd6 45. Be4 Bb4 46. Kd3 Be1 47. Ke2 Bg3 48. b4 c6 49. Kf1 h3 50. Ke2 Bh4 51. Kf1 Bg3 52. Ke2 h2 53. Kf1 Bh4 54. Ke2 Bg3 55. Kf1 c5 56. b5 Ke6 57. Ke2 Kf6 58. Kf1 1/2-1/2

[Event "ESP-ch U16"]
[Site "Granada"]
[Date "2016.07.21"]
[Round "6"]
[White "Pulido Esteban, Francisco Daniel"]
[Black "Bayo Milagro, Alvaro"]
[Result "1/2-1/2"]
[WhiteElo "1883"]
[BlackElo "2229"]
[PlyCount "68"]
[EventDate "2016.07.18"]
[EventType "swiss"]
[EventRounds "9"]
[EventCountry "ESP"]
[SourceTitle "EXT 2024"]
[Source "ChessBase"]
[SourceDate "2023.10.10"]
[SourceVersion "1"]
[SourceVersionDate "2023.10.10"]
[SourceQuality "1"]

1. e4 e6 2. d4 d5 3. Bd3 dxe4 4. Bxe4 Nf6 5. Bf3 Nbd7 6. Ne2 Bd6 7. 0-0 0-0 8. Nbc3 e5 9. Bg5 Re8 10. Ne4 Be7 11. Nxf6+ Bxf6 12. Bxf6 Qxf6 13. c3 e4 14. Bg4 Nb6 15. Bxc8 Raxc8 16. Ng3 c5 17. dxc5 Rxc5 18. Re1 Qc6 19. Rxe4 Rxe4 20. Nxe4 Rd5 21. Qc2 Qd7 22. Re1 h6 23. b3 Re5 24. Re2 Nd5 25. Ng3 Qe6 26. Rxe5 Qxe5 27. Qe4 Qg5 28. Qe1 g6 29. h3 Qf6 30. c4 Ne7 31. Qd2 h5 32. Qd8+ Kg7 33. Qd7 Qa1+ 34. Kh2 Qe5 1/2-1/2

[Event "ESP-ch U16"]
[Site "Salobrena"]
[Date "2015.07.22"]
[Round "5"]
[White "Pulido Esteban, Francisco Daniel"]
[Black "Guerra Arrocha, Daniel"]
[Result "0-1"]
[WhiteElo "1692"]
[BlackElo "1989"]
[PlyCount "64"]
[EventDate "2015.07.20"]
[EventType "swiss"]
[EventRounds "9"]
[EventCountry "ESP"]
[SourceTitle "EXT 2016"]
[Source "ChessBase"]
[SourceDate "2015.10.08"]
[SourceVersion "1"]
[SourceVersionDate "2015.10.08"]
[SourceQuality "1"]

1. d4 Nf6 2. c4 g6 3. Nc3 Bg7 4. e4 d6 5. f3 0-0 6. Be3 c6 7. Qd2 a6 8. Bh6 b5 9. h4 e5 10. d5 cxd5 11. cxd5 Nh5 12. Bxg7 Nxg7 13. 0-0-0 f6 14. g4 Nd7 15. Nh3 Nc5 16. Rg1 Bd7 17. Re1 Qa5 18. Kb1 Rac8 19. h5 Na4 20. hxg6 Nxc3+ 21. bxc3 Rxc3 22. gxh7+ Kh8 23. Qb2 Rfc8 24. Re2 R3c4 25. a3 b4 26. g5 bxa3 27. Qb3 Rb4 28. gxf6 Rxb3+ 29. Ka2 Rb2+ 30. Rxb2 axb2+ 31. Kxb2 Qb4+ 32. Ka2 Rc2+ 0-1

[Event "Andalucia-ch U12"]
[Site "Islantilla"]
[Date "2012.04.14"]
[Round "6"]
[White "Martin Cabrerizo, Francisco Davi"]
[Black "Pulido Esteban, Francisco Daniel"]
[Result "1-0"]
[WhiteElo "1503"]
[BlackElo "1394"]
[PlyCount "113"]
[EventDate "2012.04.13"]
[EventType "swiss"]
[EventRounds "9"]
[EventCountry "ESP"]
[SourceTitle "CBM 148 Extra"]
[Source "ChessBase"]
[SourceDate "2012.06.22"]
[SourceVersion "1"]
[SourceVersionDate "2012.06.22"]
[SourceQuality "1"]

1. e4 e5 2. Bc4 Nc6 3. Nc3 Bc5 4. d3 h6 5. Na4 Bb6 6. f4 Bxg1 7. Rxg1 a6 8. Nc3 Qh4+ 9. Kf1 exf4 10. Nd5 Qd8 11. Bxf4 d6 12. c3 Nf6 13. Ne3 Be6 14. Kf2 Bxc4 15. Nxc4 Qc8 16. Re1 0-0 17. Qf3 Qg4 18. Qxg4 Nxg4+ 19. Kg1 Nce5 20. Nxe5 Nxe5 21. Rad1 f6 22. d4 Ng6 23. Bg3 Rfe8 24. b4 Re7 25. Kf2 Rae8 26. Kf3 Nf8 27. Bh4 Nd7 28. Rd3 Nb6 29. Rde3 Nc4 30. R3e2 b5 31. Kf2 c6 32. Kf3 g5 33. Bg3 h5 34. h4 g4+ 35. Kf2 a5 36. bxa5 Nxa5 37. Bxd6 Re6 38. Bg3 Nc4 39. Bf4 Kf7 40. g3 Nd6 41. e5 fxe5 42. Rxe5 Rxe5 43. Rxe5 Rxe5 44. Bxe5 Nc4 45. Bf4 Ke6 46. Ke2 Kd5 47. Kd3 Nb2+ 48. Kc2 Nc4 49. Kb3 c5 50. dxc5 Kxc5 51. a4 bxa4+ 52. Kxa4 Nb2+ 53. Kb3 Nd3 54. Bb8 Nc1+ 55. Kc2 Ne2 56. Kd2 Ng1 57. Ba7+ 1-0

[Event "Andalucia-ch U10 1011"]
[Site "Almeria"]
[Date "2011.03.25"]
[Round "3.8"]
[White "Pulido Esteban, Francisco Daniel"]
[Black "Torres Ventosa, Angel Javier"]
[Result "1/2-1/2"]
[WhiteElo "1311"]
[BlackElo "1408"]
[PlyCount "41"]
[EventDate "2011.03.25"]
[EventType "swiss"]
[EventRounds "9"]
[EventCountry "ESP"]
[SourceTitle "EXT 2024"]
[Source "ChessBase"]
[SourceDate "2023.10.10"]
[SourceVersion "1"]
[SourceVersionDate "2023.10.10"]
[SourceQuality "1"]

1. e4 e5 2. Nf3 Nc6 3. Bc4 Bc5 4. Nc3 d6 5. h3 Nf6 6. d3 h6 7. 0-0 0-0 8. Be3 Bb6 9. Qd2 Bxe3 10. fxe3 Be6 11. Bb3 Qd7 12. Bxe6 fxe6 13. Ne2 Ne7 14. c4 c5 15. b3 b6 16. Rad1 Rad8 17. Qb2 Ng6 18. Ng3 Qb7 19. Rf2 Rf7 20. d4 cxd4 21. Nxd4 1/2-1/2